Berkshire Capital Funding Ltd v Street and others. (Record no. 60445)
[ view plain ]
| 000 -LEADER | |
|---|---|
| fixed length control field | 01456cam a2200181 4500 |
| 001 - CONTROL NUMBER | |
| control field | ABS60799 |
| 008 - FIXED-LENGTH DATA ELEMENTS--GENERAL INFORMATION | |
| fixed length control field | 000000n1999 000 0 eng u |
| 035 ## - SYSTEM CONTROL NUMBER | |
| System control number | (Sirsi) u101294 |
| 245 ## - TITLE STATEMENT | |
| Title | Berkshire Capital Funding Ltd v Street and others. |
| 260 ## - PUBLICATION, DISTRIBUTION, ETC. | |
| Date of publication, distribution, etc. | 1999 |
| 490 ## - SERIES STATEMENT | |
| Series statement | Estates Gazette Law Reports |
| Volume/sequential designation | (1999) 25 EG 191-194(4) |
| 520 ## - SUMMARY, ETC. | |
| Summary, etc. | CA 14 April 1999. The first defendant (S) granted a tenancy of a property to Mr and Mrs B, the second defendants. Before then, S had mortgaged the property by a first mortgage to Nationwide Building Society and by a second mortgage was later assigned to the plaintiff (BCF). The second mortgage prohibited the grant of a tenancy without BCF's prior consent. In an earlier action by S to recover possession of the property from Mr and Mrs B, the judge found that a new tenancy of the property had been granted by Nationwide to Mr and Mrs B. Following the failure of S to pay mortgage instalments, BCF brought proceedings claiming possession. Those proceedings were dismissed by the county court judge on the ground that an order for possession could not be made in favour of a second mortgagee having regard to the tenancy held by Mr and Mrs B since it was not clear whether they were tenants of S or in possession as agents of Nationwide. BCF appealed. "Held" Appeal allowed. |
| 650 ## - SUBJECT ADDED ENTRY--TOPICAL TERM | |
| Topical term or geographic name entry element | POSSESSION ORDER |
| 650 ## - SUBJECT ADDED ENTRY--TOPICAL TERM | |
| Topical term or geographic name entry element | MORTGAGEE |
| 650 ## - SUBJECT ADDED ENTRY--TOPICAL TERM | |
| Topical term or geographic name entry element | LEASING |
| 690 ## - LOCAL SUBJECT ADDED ENTRY--TOPICAL TERM (OCLC, RLIN) | |
| Topical term or geographic name as entry element | LANDLORD AND TENANT-CASE LAW |
| 942 ## - ADDED ENTRY ELEMENTS (KOHA) | |
| Suppress in OPAC | 0 |
| Withdrawn status | Lost status | Source of classification or shelving scheme | Damaged status | Not for loan | Home library | Current library | Shelving location | Date acquired | Total Checkouts | Full call number | Barcode | Date last seen | Copy number | Price effective from | Koha item type |
|---|---|---|---|---|---|---|---|---|---|---|---|---|---|---|---|
| Dewey Decimal Classification | London | London | Journal article | 03/11/1999 | ABS60799 | 101294-1001 | 06/08/2019 | 1 | 06/08/2019 | Journal article |